Bear with me mother: memoirs and stories (Record no. 165827)
[ view plain ]
| 000 -LEADER | |
|---|---|
| fixed length control field | 00650nam a2200229Ia 4500 |
| 003 - CONTROL NUMBER IDENTIFIER | |
| control field | OSt |
| 005 - DATE AND TIME OF LATEST TRANSACTION | |
| control field | 20230511095828.0 |
| 008 - FIXED-LENGTH DATA ELEMENTS--GENERAL INFORMATION | |
| fixed length control field | 210423s2014 xx 000 0 und d |
| 020 ## - INTERNATIONAL STANDARD BOOK NUMBER | |
| International Standard Book Number | 978-81-309-0960-8 |
| 040 ## - CATALOGING SOURCE | |
| Transcribing agency | AL |
| 041 ## - LANGUAGE CODE | |
| Language code of text/sound track or separate title | eng |
| 082 ## - DEWEY DECIMAL CLASSIFICATION NUMBER | |
| Classification number | 820.8 NAIB |
| 100 ## - MAIN ENTRY--PERSONAL NAME | |
| Personal name | NAIR (M T Vasudevan) |
| 9 (RLIN) | 102267 |
| 245 ## - TITLE STATEMENT | |
| Title | Bear with me mother: memoirs and stories |
| Statement of responsibility, etc. | KRISHNAKUTTY (Gita) Tr |
| 260 ## - PUBLICATION, DISTRIBUTION, ETC. | |
| Place of publication, distribution, etc. | New Delhi |
| Name of publisher, distributor, etc. | Viva Books Pvt Ltd |
| Date of publication, distribution, etc. | 2014 |
| 300 ## - PHYSICAL DESCRIPTION | |
| Extent | 342p |
| Other physical details | PB |
| 365 ## - TRADE PRICE | |
| Price amount | 395 |
| Currency code | INR |
| 650 ## - SUBJECT ADDED ENTRY--TOPICAL TERM | |
| Topical term or geographic name entry element | English Collections |
| 9 (RLIN) | 102268 |
| 650 ## - SUBJECT ADDED ENTRY--TOPICAL TERM | |
| Topical term or geographic name entry element | English Literature |
| 9 (RLIN) | 102269 |
| 906 ## - LOCAL DATA ELEMENT F, LDF (RLIN) | |
| a | Bear ; me ; memoirs ; mother: ; stories |
| 942 ## - ADDED ENTRY ELEMENTS (KOHA) | |
| Source of classification or shelving scheme | Dewey Decimal Classification |
| Koha item type | Book |
| Withdrawn status | Lost status | Damaged status | Not for loan | Collection code | Home library | Current library | Date acquired | Source of acquisition | Cost, normal purchase price | Total Checkouts | Full call number | Barcode | Date last seen | Price effective from | Koha item type |
|---|---|---|---|---|---|---|---|---|---|---|---|---|---|---|---|
| MA English | St Aloysius PG Library | St Aloysius PG Library | 09/04/2014 | Intact Bookhouse | 395.00 | 820.8 NAIB | PG012325 | 08/24/2022 | 04/26/2021 | Book |